| 000 | 00878nmc a2200325 a 4500 | ||
|---|---|---|---|
| 003 | AR-BaBNM | ||
| 005 | 20251128210516.0 | ||
| 008 | 281020s1996 ||||||||||||||000 | spa|| | ||
| 020 | _a84-7584-315-8 | ||
| 040 | _cAR-BaBNM | ||
| 100 | 1 | _aPuig, Josep M. | |
| 245 | 1 | 0 | _aLa pedagogía del ocio |
| 250 | _a2ª ed. | ||
| 260 |
_aBarcelona _bLaertes _c1996 |
||
| 300 | 0 |
_a249 p. _btablas |
|
| 490 | 0 |
_aPsicopedagogía _vv. 54 |
|
| 500 | 0 | _aContiene referencias bibliográficas | |
| 650 | 4 | _aEDUCACION Y TIEMPO LIBRE | |
| 650 | 4 | _aOCIO | |
| 650 | 4 | _aTIEMPO LIBRE | |
| 650 | 4 | _aFINALIDADES DE LA EDUCACION | |
| 650 | 4 | _aAMBIENTE EDUCACIONAL | |
| 650 | 4 | _aANIMACION CULTURAL | |
| 653 | 0 | _aESPACIOS EDUCATIVOS | |
| 700 | 1 | _aTrilla, Jaume | |
| 800 | 1 |
_aRodríguez, María Luisa _edirector |
|
| 800 | 1 |
_aLarrosa, Jorge _edirector |
|
| 942 | _cBK | ||
| 998 | _cRaquel | ||
| 999 |
_c15739 _d15739 |
||